000
00307nam a2200109Ia 4500
008
171211s9999 xx 000 0 und d
245
_a
Welfare and the Well-Being of Children
245
_c
Janet M. Currie
260
_c
1995
650
_x
ECONOMICS
856
_u
http://down.ebook777.com/064/9783718656240.pdf
999
_c
349541
_d
349541